书目信息 |
| 题名: |
国殇
|
|
| 作者: | 施原 著 | |
| 分册: | 第四部 国民党对日抗战谍战纪实 | |
| 出版信息: | 北京 团结出版社 2012.01 |
|
| 页数: | 436页 | |
| 开本: | 23cm | |
| 丛书名: | ||
| 单 册: | ||
| 中图分类: | I253.2 , K265.210.6 | |
| 科图分类: | ||
| 主题词: | 报告文学--中国--当代 | |
| 电子资源: | ||
| ISBN: | 978-7-5126-0650-0 | |
| 000 | 00872nam0 2200265 450 | |
| 001 | 005198794 | |
| 005 | 20120626150948.67 | |
| 010 | @a978-7-5126-0650-0@dCNY49.80 | |
| 100 | @a20120222d2012 em y0chiy50 ea | |
| 101 | 0 | @achi |
| 102 | @aCN@b110000 | |
| 105 | @aa z 000zy | |
| 106 | @ar | |
| 200 | 1 | @a国殇@9guo shang@h第四部@i国民党对日抗战谍战纪实@f施原著 |
| 210 | @a北京@c团结出版社@d2012.01 | |
| 215 | @a436页@c图@d23cm | |
| 330 | @a本书主要内容包括:上海提篮桥监狱;土肥原计划的破产;河内惊魂;“铁血军”破门锄奸;极司非而路等。 | |
| 517 | 1 | @a国民党对日抗战谍战纪实@9guo min dang dui ri kang zhan die zhan ji shi |
| 601 | 02 | @a国民党军@x抗日战争时期战役战斗@x史料 |
| 606 | 0 | @a报告文学@y中国@z当代 |
| 690 | @aI253.2@v4 | |
| 690 | @aK265.210.6@v4 | |
| 701 | 0 | @a施原@9shi yuan@4著 |
| 801 | 0 | @aCN@bNLC@c20120222 |
| 905 | @b540654-58@dI253.2@e846@f5 | |
| 国殇.第四部.国民党对日抗战谍战纪实/施原著.-北京:团结出版社,2012.01 |
| 436页:图;23cm |
| ISBN 978-7-5126-0650-0:CNY49.80 |
| 本书主要内容包括:上海提篮桥监狱;土肥原计划的破产;河内惊魂;“铁血军”破门锄奸;极司非而路等。 |
| ● |
| 相关链接 |
|
|
|
|
正题名:国殇
索取号:I253.2/846
 
预约/预借
| 序号 | 登录号 | 条形码 | 馆藏地/架位号 | 状态 | 备注 |
| 1 | 540654 | 205406540 | 第一样本阅览室/ [索取号:I253.2/846] | 在馆 | |
| 2 | 540655 | 205406559 | 第二借阅区/ [索取号:I253.2/846] | 在馆 | |
| 3 | 540656 | 205406568 | 第二借阅区/ [索取号:I253.2/846] | 在馆 | |
| 4 | 540657 | 205406577 | 第二借阅区/ [索取号:I253.2/846] | 在馆 | |
| 5 | 540658 | 205406586 | 第二借阅区/ [索取号:I253.2/846] | 在馆 |